| 000 | 00829nam a22002777a 4500 | ||
|---|---|---|---|
| 003 | OSt | ||
| 005 | 20220107122807.0 | ||
| 008 | 151009b xxu||||| |||| 00| 0 eng d | ||
| 020 | _a9783540877417 | ||
| 040 | _cIIITMK | ||
| 082 | _a005.8 BER/S | ||
| 100 |
_aBertino, Elisa _98027 |
||
| 245 |
_aSecurity for web services and service-oriented architectures _cElisa Bertino et.al. |
||
| 260 |
_aNew York, _bSpringer, _c2010. |
||
| 300 | _axii, 226p. | ||
| 650 |
_aCOMPUTER SCIENCE _98028 |
||
| 650 |
_aMANAGEMENT INFORMATION SYSTEM _98029 |
||
| 650 |
_aSOFTWARE ENGINEERING _98030 |
||
| 650 |
_aINTERNET SECURITY _98031 |
||
| 650 |
_aCOMPUTER NETWORK _98032 |
||
| 650 |
_aCOMPUTER SECURITY _98033 |
||
| 700 |
_aBertino, Elisa _98034 |
||
| 700 |
_aPaci, Federica _98035 |
||
| 700 |
_aMartino, Lorenzo _98036 |
||
| 942 |
_2ddc _cBK |
||
| 999 |
_c4878 _d4878 |
||